00756nai a2200181Ia 4500003000900000008004100009022002300050040001600073245009000089260008600179310001400265362002600279521006900305650002000374650003000394650005700424856009300481IN-BaIIA211028c9999 xx s 000 0 eng d a2332-7804 (Online) cIIA Library 0aIEEE Transactions on Molecular, Biological and Multi-Scale Communicationsh[eJournal] aNew York, USAbThe Institute of Electrical and Electronics Engineers, Inc. (IEEE) aQuarterly a1(1); 2015 - Present  bSubscribed through National Knowledge Resource Consortium (NKRC) a Bioengineering a Computing and Processing aCommunication, Networking and Broadcast Technologies uhttps://ieeexplore.ieee.org/servlet/opac?punumber=6687308yClick Here to Access eJournal